• 首页
  • 本馆介绍
  • 公告通知
  • 最新文献
  • 馆藏检索
  • 电子资源
  • 读者导购
  • 参考咨询
  • 我的图书馆
  • 登录
  • 详细信息显示
  • 放入我的书架
  • 预约/预借图书
  • 作者相关作品
  • 分类相关作品
  • 丛书相关作品
  • 出版社相关作品

书目信息

  • 表格格式
  • 工作单格式
  • 卡片格式
题名:
打破沉默之声
    
 
作者: 米勒 著 ;王红宇 , 吴梅 译
分册:  
出版信息: 北京   教育科学出版社  2008
页数: 27,12,290页
开本: 24cm
丛书名: 世界课程与教学新理论文库
单 册:
中图分类: G423.04
科图分类:
主题词: 课程--教学理论--研究 , 课程 , 教学理论
电子资源:
ISBN: 978-7-5041-3939-9
000 01416oam2 2200361 450
001 100428514051
005 20110224091735.65
010    @a978-7-5041-3939-9@dCNY39.00
035    @a003976611
100    @a20081111d2008 em y0chiy0110 ea
101 1  @achi@ceng
102    @aCN@b110000
105    @aa z 000yy
106    @ar
200 1  @a打破沉默之声@9da po chen mo zhi sheng@e女性、自传与课程@dSounds of silence breaking@ewomen, autobiography, curriculum@f(美)珍妮特·米勒(Janet L. Miller)著@g王红宇,吴梅译@zeng
210    @a北京@c教育科学出版社@d2008
215    @a27,12,290页@c照片@d24cm
225 2  @a世界课程与教学新理论文库
300    @a“十五”国家重点图书出版规划项目
305    @aPeter Lang Publishing, Inc. 授权出版
330    @a本书是美国当代最富有影响力的课程理论家珍妮特·米勒20年来著述的文集,展现了她对于女性、自传与课程等问题进行的突破性与复杂性的探讨。
461  0 @12001 @a世界课程与教学新理论文库
510 1  @aSounds of silence breaking@ewomen, autobiography, curriculum@zeng
517 1  @a女性、自传与课程@9nu xing、 zi chuan yu ke cheng
606 0  @a课程@x教学理论@x研究
606 0  @a课程
606 0  @a教学理论
690    @aG423.04@v4
701  0 @c(美)@a米勒@9mi le@c(女,@bMiller, Janet L.)@4著
702  0 @a王红宇@9wang hong yu@c(教育研究)@4译
702  0 @a吴梅@9wu mei@4译
801  0 @aCN@bNLC@c20110224
905    @b205975051-097@h597505-09@dG423.04@e225@f5
    
    打破沉默之声:女性、自传与课程=Sounds of silence breaking:women, autobiography, curriculum/(美)珍妮特·米勒(Janet L. Miller)著/王红宇,吴梅译.-北京:教育科学出版社,2008
    27,12,290页:照片;24cm.-(世界课程与教学新理论文库)
    “十五”国家重点图书出版规划项目
    
    ISBN 978-7-5041-3939-9:CNY39.00
    本书是美国当代最富有影响力的课程理论家珍妮特·米勒20年来著述的文集,展现了她对于女性、自传与课程等问题进行的突破性与复杂性的探讨。
●
相关链接 在E读中查询图书 在五车中查询图书 在当当中查询图书 在豆瓣中查询图书


正题名:打破沉默之声     索取号:G423.04/225         预约/预借

序号 登录号 条形码 馆藏地/架位号 状态 备注
1 597505   205975051   第一样本阅览室/ [索取号:G423.04/225] 在馆    
2 597506   205975060   第四借阅区/ [索取号:G423.04/225] 在馆    
3 597507   205975079   第四借阅区/ [索取号:G423.04/225] 在馆    
4 597508   205975088   第四借阅区/ [索取号:G423.04/225] 在馆    
5 597509   205975097   第四借阅区/ [索取号:G423.04/225] 在馆    
唐山师范学院图书馆 欢迎您!
大连网信软件有限公司© 版权所有